La arquitectura del pastoreo : Uso del espacio y sistema de asentamientos en la Puna de Atacama (Susques) /

El objetivo del trabajo es contribuir al conocimiento de la arquitectura del pastoreo en los Andes. El foco regional del estudio es Huancar en el Departamento Susques (Jujuy, Argentina). En primer lugar se describen los sistemas de asentamientos vinculados con las actividades pastoriles de Huancar y...

Full description

Bibliographic Details
Main Author: Göbel, Barbara
Format: Analitica de revista
Language:Spanish
Published: San Pedro de Atacama Universidad Católica del Norte 2003
Subjects:

MARC

LEADER 00000cab a2200000 a 4500
001 031552
003 UAHC_CL
005 20170803123353.0
008 050428b xx j 000 1 spa
040 |a UAHC_CL  |c UAHC_CL  |d UAHC_CL 
100 1 |a Göbel, Barbara 
245 1 3 |a La arquitectura del pastoreo :  |b Uso del espacio y sistema de asentamientos en la Puna de Atacama (Susques) /  |c Barbara Göbel. 
260 |b Universidad Católica del Norte  |a San Pedro de Atacama  |c 2003 
500 |a En: Estud. atacam., 2002, no.23, p.53-76. ISSN 0718-1043. 
520 |a El objetivo del trabajo es contribuir al conocimiento de la arquitectura del pastoreo en los Andes. El foco regional del estudio es Huancar en el Departamento Susques (Jujuy, Argentina). En primer lugar se describen los sistemas de asentamientos vinculados con las actividades pastoriles de Huancar y luego se presentan los esquemas del uso del espacio por parte de los pastores. Finalmente, se analizan los significados que el espacio tiene para los pastores. 
650 4 |a PASTOREO 
650 4 |a ASENTAMIENTOS  |y PUNA DE ATACAMA (CHILE) 
759 |a PP063 
773 0 |t Estudios Atacameños.  |w 031462 
900 |a ESTUD. ATACAMEÑOS-23/02 
942 |c REVA 
952 |0 0  |1 0  |4 0  |6 ESTUD___ATACAMEÑOS23_02_000000000000000  |7 0  |8 General  |9 61629  |a BC  |b BC  |c General  |d 2017-08-03  |l 0  |o ESTUD. ATACAMEÑOS-23/02  |p FICTICIO2413  |r 2019-01-08 00:00:00  |t 1  |w 2017-08-03  |y REVA 
999 |c 31552  |d 31552